| 000 | 01386cam a2200337 i 4500 | ||
|---|---|---|---|
| 001 | 78057 | ||
| 003 | BD-RjUL | ||
| 005 | 20211209083102.0 | ||
| 008 | 210311s1966 pk h b 001 0 ara d | ||
| 035 | _a(BD-RjUL)78283 | ||
| 040 |
_aUIU _beng _cUIU _erda _dUIU _dDLC |
||
| 041 | _aara | ||
| 066 | _a(3 | ||
| 082 |
_223 _a297.12509 _bSUT 1966 |
||
| 100 | 0 |
_a سيوطي, جلال الدين ;; Suyuti, Jalaluddin. _d1445-1505, _eauthor. _9245556 |
|
| 245 | 1 | 0 |
_aتدريب الراوي في شرح تقريب النواوي ;; Tadrīb al-rāwī fī sharḥ Taqrīb al-Nawāwī / _cجلال الدين السيوطي ;; Jalāl al-Dīn al-Suyūṭī |
| 250 | _aal-Ṭabʻah al-ūlá. | ||
| 260 |
_aالقاهرة: _bدار الحديث; _c٢٠٠٤ |
||
| 264 | 1 |
_aQahira : _bDār al-Hadith ; _c2004 |
|
| 300 |
_av. ; _c24 cm |
||
| 490 | _aعلم اصول الحديث | ||
| 504 | _aIncludes bibliographical references and indexes. | ||
| 505 | _aVol. 1.-- | ||
| 520 | _aعلم اصول الحديث | ||
| 600 | 0 | 0 |
_aNawawī, _d1233-1277. _tTaqrīb wa-al-taysīr li-maʻrifat sunan al-bashīr al-nadhīr. _9245955 |
| 650 | 0 |
_aHadith _xCriticism, interpretation, etc. _vEarly works to 1800. _9245886 |
|
| 700 |
_aAbdul Latif, Abdel Wahab _9245956 |
||
| 700 |
_aعبد اللطيف, عبدالوهاب _9245957 |
||
| 830 |
_aعلم اصول الحديث _9245954 |
||
| 942 |
_2ddc _cBK |
||
| 999 |
_c78057 _d78057 |
||